Violencia doméstica: intervenciones para su prevención y tratamiento
Guardado en:
| Autor Corporativo: | |
|---|---|
| Formato: | Texto |
| Publicado: |
Washington, DC:
Banco Interamericano de Desarrollo. BID
|
| Materias: | |
| Etiquetas: |
Agregar Etiqueta
Sin Etiquetas, Sea el primero en etiquetar este registro!
|
MARC
| LEADER | 00000 a a2200000 04500 | ||
|---|---|---|---|
| 001 | 28419 | ||
| 003 | |||
| 040 | |||
| 090 | |a 188607 | ||
| 110 | |a Banco Interamericano de Desarrollo | ||
| 245 | |a Violencia doméstica: intervenciones para su prevención y tratamiento | ||
| 260 | |a Washington, DC: |b Banco Interamericano de Desarrollo. BID | ||
| 300 | |b **no definido** | ||
| 650 | |a VIOLENCIA INTRAFAMILIAR | ||
| 650 | |a DERECHOS DE LA MUJER | ||
| 650 | |a CAPACITACION | ||
| 650 | |a DERECHOS HUMANOS | ||
| 650 | |a ADMINISTRACION DE JUSTICIA | ||
| 650 | |a SEMINARIOS | ||
| 999 | |c 5137 |d 5137 | ||
